Top 10 des pays en KFC - Statistiques

Statistiques générales
  • Ce quiz a été pris 624 fois
  • Le résultat moyen est 6 sur 10
Statistiques - réponses
No. KFC Pays % Correct
4491 États-Unis
98%
4563 Chine
90%
663 Canada
87%
1181 Japon
81%
784 Royaume-Uni
78%
618 Australie
64%
465 Indonesie
37%
736 Afrique du Sud
32%
531 Thailande
28%
579 Malaisie
20%
Aucun quiz correspondant
Distribution des résultats
% des personnes avec chaque résultat
Percentile par nombre de réponses
Votre historique - résultats
Vous n’avez pas pris ce quiz